[Event "Gibtelecom Festival 2010 - Challenger 2"]
[Site "Gibraltar ENG"]
[Date "2010.02.03"]
[Round "4.46"]
[White "Mathon, Dimitrij"]
[Black "Savage, Neil"]
[Result "1/2-1/2"]
[WhiteElo "1780"]
[BlackElo "1755"]
[PlyCount "50"]
[EventDate "2010.01.31"]
[EventType "swiss"]
[EventRounds "5"]
[EventCountry "ENG"]
[Source "lmi"]
[SourceDate "2010.01.31"]

1. d4 Nf6 2. Nf3 g6 3. Bf4 c5 4. c3 cxd4 5. Nxd4 Bg7 6. e3 O-O 7. h3 d6 8. Bh2
Bd7 9. Be2 Nc6 10. O-O Nxd4 11. exd4 Re8 12. Nd2 Rc8 13. Bd3 Bc6 14. Qc2 e5 15.
dxe5 dxe5 16. Rfe1 Qd7 17. Ne4 Nxe4 18. Bxe4 Bxe4 19. Rxe4 Rcd8 20. Ree1 Qe6
21. Red1 f5 22. Kf1 Rxd1+ 23. Qxd1 Qc4+ 24. Qe2 Qxe2+ 25. Kxe2 Rd8 1/2-1/2

[Event "Gibtelecom Festival 2010 - Challenger 2"]
[Site "Gibraltar ENG"]
[Date "2010.02.04"]
[Round "5.1"]
[White "Haarr, Jon Kristian"]
[Black "Lyell, Mark"]
[Result "1-0"]
[WhiteElo "2157"]
[BlackElo "2224"]
[PlyCount "91"]
[EventDate "2010.01.31"]
[EventType "swiss"]
[EventRounds "5"]
[EventCountry "ENG"]
[Source "lmi"]
[SourceDate "2010.01.31"]

1. e4 e5 2. Nf3 Nc6 3. d4 exd4 4. Nxd4 Bc5 5. Nxc6 Qf6 6. Qf3 dxc6 7. Bc4 Be6
8. Qxf6 Nxf6 9. Bxe6 fxe6 10. f3 O-O-O 11. Ke2 Rdf8 12. Nd2 Rhg8 13. Nb3 Bd6
14. Be3 Nh5 15. Rad1 Nf4+ 16. Kf2 b6 17. g3 Ng6 18. Ke2 Ne5 19. f4 Nc4 20. Bc1
c5 21. e5 Be7 22. h4 Rd8 23. Nd2 Nxd2 24. Rxd2 Rxd2+ 25. Bxd2 c4 26. g4 Rd8 27.
Be3 Rd5 28. h5 Kd7 29. Kf3 Kc6 30. Ke4 Bc5 31. Bxc5 Kxc5 32. f5 Rd4+ 33. Kf3
Kd5 34. f6 gxf6 35. exf6 e5 36. g5 Ke6 37. Ke3 Rd7 38. Rf1 Kf7 39. Ke4 c6 40.
Kf5 e4 41. g6+ hxg6+ 42. hxg6+ Kf8 43. Ke6 Rd8 44. g7+ Kg8 45. Ke7 Rc8 46. Rh1
1-0

[Event "Gibtelecom Festival 2010 - Challenger 2"]
[Site "Gibraltar ENG"]
[Date "2010.02.04"]
[Round "5.2"]
[White "Daoudi, Kamal"]
[Black "Henriksson, Johan"]
[Result "1-0"]
[WhiteElo "2155"]
[BlackElo "2204"]
[PlyCount "65"]
[EventDate "2010.01.31"]
[EventType "swiss"]
[EventRounds "5"]
[EventCountry "ENG"]
[Source "lmi"]
[SourceDate "2010.01.31"]

1. e4 c6 2. d4 d5 3. Nc3 dxe4 4. Nxe4 Bf5 5. Ng3 Bg6 6. Bc4 e6 7. N1e2 Bd6 8.
Nf4 Nf6 9. O-O Qc7 10. Qf3 Nd5 11. Nfh5 O-O 12. Bb3 Nd7 13. c4 N5f6 14. Nf4
Rfe8 15. c5 Be7 16. h4 Bf5 17. Nxf5 exf5 18. Qd3 Ne4 19. Bxf7+ Kh8 20. Bxe8
Rxe8 21. Ne6 Qc8 22. Ng5 Bxg5 23. Bxg5 h6 24. Bf4 Qd8 25. f3 Nef6 26. Bd6 Nd5
27. Rae1 N7f6 28. Rxe8+ Qxe8 29. Be5 Qh5 30. Bxf6 Nxf6 31. Re1 Qxh4 32. Re5 f4
33. Qg6 1-0

[Event "Gibtelecom Festival 2010 - Challenger 2"]
[Site "Gibraltar ENG"]
[Date "2010.02.04"]
[Round "5.3"]
[White "Montero Melendez, Rafael"]
[Black "Kawuma, Steven Male"]
[Result "1/2-1/2"]
[WhiteElo "2248"]
[BlackElo "2187"]
[PlyCount "96"]
[EventDate "2010.01.31"]
[EventType "swiss"]
[EventRounds "5"]
[EventCountry "ENG"]
[Source "lmi"]
[SourceDate "2010.01.31"]

1. d4 Nf6 2. c4 g6 3. Nc3 Bg7 4. e4 d6 5. Nf3 O-O 6. h3 e5 7. d5 a5 8. Bg5 Na6
9. Nd2 Nc5 10. Be2 Bd7 11. Rb1 a4 12. O-O h6 13. Be3 Ne8 14. b4 axb3 15. axb3
f5 16. Bxc5 dxc5 17. b4 cxb4 18. Rxb4 b6 19. Rb1 Qh4 20. c5 bxc5 21. Nf3 Qf6
22. Bb5 Rd8 23. Bxd7 Rxd7 24. Qa4 Rdf7 25. Rb5 Qe7 26. Nd2 h5 27. Qc2 Bh6 28.
Nc4 Kg7 29. Qe2 Nd6 30. Rxc5 fxe4 31. Rc6 Nxc4 32. Qxc4 e3 33. f3 Bf4 34. Ne4
Rb8 35. d6 cxd6 36. Nxd6 e2 37. Qxe2 Rf6 38. Qa6 Rd8 39. Ne4 Rxc6 40. Qxc6 Rd7
41. Rb1 Ra7 42. Qd6 Qxd6 43. Nxd6 Ra2 44. Ne4 Ra7 45. Rb2 Be3+ 46. Kf1 Bd4 47.
Rc2 Kf7 48. Ke2 Ra1 1/2-1/2

[Event "Gibtelecom Festival 2010 - Challenger 2"]
[Site "Gibraltar ENG"]
[Date "2010.02.04"]
[Round "5.5"]
[White "Wheldon, Philip"]
[Black "Ivanov, Stojan Emilov"]
[Result "1-0"]
[WhiteElo "2103"]
[BlackElo "2198"]
[PlyCount "87"]
[EventDate "2010.01.31"]
[EventType "swiss"]
[EventRounds "5"]
[EventCountry "ENG"]
[Source "lmi"]
[SourceDate "2010.01.31"]

1. e4 e5 2. Nf3 Nf6 3. Nxe5 d6 4. Nf3 Nxe4 5. d4 Be7 6. Bd3 d5 7. O-O O-O 8.
Re1 Nc6 9. Bxe4 dxe4 10. Rxe4 Bf5 11. Re1 Nb4 12. Na3 c5 13. c3 Nd3 14. Re3
Nxc1 15. Qxc1 cxd4 16. cxd4 Bf6 17. Qc5 Be6 18. Nb5 b6 19. Qc7 a6 20. Qxd8
Raxd8 21. Nc7 Bc8 22. Rb3 b5 23. a4 Rd7 24. Rc1 bxa4 25. Rb4 g5 26. h3 Rfd8 27.
d5 h6 28. Rb6 Kg7 29. Rc4 Re7 30. Rcc6 Rdd7 31. d6 Re2 32. Nd5 Bxb2 33. Rxc8 a3
34. Rxa6 h5 35. Rc7 Rd8 36. Nc3 Re6 37. Nxg5 Rexd6 38. Nxf7 Rxa6 39. Nxd8+ Kf6
40. Na2 Ke5 41. Rc5+ Ke4 42. Nc6 Kd3 43. Ncb4+ Kd4 44. Rxh5 {
The remaining moves were not recorded} 1-0

[Event "Gibtelecom Festival 2010 - Challenger 2"]
[Site "Gibraltar ENG"]
[Date "2010.02.04"]
[Round "5.6"]
[White "Byrn, Carsten"]
[Black "Jameson, David"]
[Result "1-0"]
[WhiteElo "2171"]
[BlackElo "2053"]
[PlyCount "93"]
[EventDate "2010.01.31"]
[EventType "swiss"]
[EventRounds "5"]
[EventCountry "ENG"]
[Source "lmi"]
[SourceDate "2010.01.31"]

1. d4 d5 2. c4 e6 3. Nf3 Nf6 4. Nc3 c6 5. g3 a6 6. Bg2 Bd6 7. O-O O-O 8. b3
Nbd7 9. Qc2 b6 10. Bb2 Bb7 11. Rfd1 Qe7 12. e4 dxe4 13. Nxe4 Nxe4 14. Qxe4 Nf6
15. Qc2 c5 16. dxc5 Bxc5 17. Ng5 Bxf2+ 18. Qxf2 Bxg2 19. Kxg2 Nh5 20. h4 f6 21.
Nh3 g5 22. hxg5 fxg5 23. Qd4 Kf7 24. Rf1+ Kg6 25. Qe4+ Kh6 26. Rxf8 Rxf8 27.
Re1 Qd6 28. Qxe6+ Rf6 29. Qxd6 Rxd6 30. Bc1 Rd3 31. Bxg5+ Kg7 32. Bf4 b5 33.
cxb5 axb5 34. Re5 Nxf4+ 35. Nxf4 Rd2+ 36. Re2 Rd1 37. Kf3 Kf6 38. Ke3 Kf5 39.
Rd2 Re1+ 40. Kf2 Ra1 41. Ne2 Kg4 42. Nc3 Kh3 43. Nxb5 Rh1 44. Nd4 h5 45. Nf3
Rb1 46. Rd4 Rb2+ 47. Nd2 1-0

[Event "Gibtelecom Festival 2010 - Challenger 2"]
[Site "Gibraltar ENG"]
[Date "2010.02.04"]
[Round "5.7"]
[White "Knight, Simon"]
[Black "Gandrud, Vegar Koi"]
[Result "1/2-1/2"]
[WhiteElo "2104"]
[BlackElo "2158"]
[PlyCount "81"]
[EventDate "2010.01.31"]
[EventType "swiss"]
[EventRounds "5"]
[EventCountry "ENG"]
[Source "lmi"]
[SourceDate "2010.01.31"]

1. e4 c5 2. Nf3 d6 3. d4 cxd4 4. Nxd4 Nf6 5. Nc3 a6 6. Bg5 e6 7. Be2 Be7 8. O-O
O-O 9. Qd2 Qc7 10. f4 b5 11. a3 Bb7 12. Bf3 h6 13. Bxf6 Bxf6 14. Kh1 Nd7 15.
Rad1 Nb6 16. Nce2 Rfd8 17. c3 Nc4 18. Qc1 g6 19. g3 Qe7 20. Rde1 Bg7 21. Bg2
Kh7 22. b3 Nb6 23. Qb1 Rac8 24. f5 e5 25. Nc2 d5 26. Ne3 d4 27. cxd4 exd4 28.
Nd5 Nxd5 29. exd5 Qg5 30. h4 Qg4 31. Rf4 Qh5 32. Nxd4 Bxd4 33. fxg6+ Kh8 34.
Rxd4 Bxd5 35. Bxd5 Rxd5 36. Qb2 Kg8 37. gxf7+ Qxf7 38. Rg4+ Kh7 39. Qb1+ Kh8
40. Qb2+ Kh7 41. Qb1+ 1/2-1/2

[Event "Gibtelecom Festival 2010 - Challenger 2"]
[Site "Gibraltar ENG"]
[Date "2010.02.04"]
[Round "5.8"]
[White "Lipecki, Alexander"]
[Black "Isherwood, Paul"]
[Result "1-0"]
[WhiteElo "2146"]
[BlackElo "2017"]
[PlyCount "91"]
[EventDate "2010.01.31"]
[EventType "swiss"]
[EventRounds "5"]
[EventCountry "ENG"]
[Source "lmi"]
[SourceDate "2010.01.31"]

1. e4 d6 2. d4 Nf6 3. Bd3 Nbd7 4. Ne2 e5 5. c3 c6 6. Nd2 g6 7. Nc4 b5 8. Ne3 a6
9. b3 Qc7 10. O-O Bg7 11. Bb2 O-O 12. Rc1 Qb8 13. Bb1 Nb6 14. c4 Ng4 15. Nxg4
Bxg4 16. f3 Be6 17. d5 cxd5 18. cxd5 Bd7 19. f4 Bh6 20. f5 Qa7 21. Kh1 b4 22.
Rc2 Bb5 23. Rf3 Rac8 24. Ng1 Rxc2 25. Qxc2 Rc8 26. Qf2 Qc7 27. Qh4 Bd2 28. Rh3
h6 29. Rg3 Kg7 30. Nf3 Be2 31. h3 Bxf3 32. Rxf3 g5 33. Qg4 f6 34. h4 Bc1 35.
hxg5 hxg5 36. Rh3 Qf7 37. Qe2 Bxb2 38. Qxb2 Qc7 39. Qe2 Qc1+ 40. Kh2 Qf4+ 41.
g3 Qc1 42. Bd3 Rc3 43. Qh5 Qd2+ 44. Be2 Nd7 45. Qh8+ Kf7 46. Rh7# 1-0

[Event "Gibtelecom Festival 2010 - Challenger 2"]
[Site "Gibraltar ENG"]
[Date "2010.02.04"]
[Round "5.9"]
[White "Vinas Guerrero, Carlos A"]
[Black "Carr, Chris"]
[Result "1-0"]
[WhiteElo "2120"]
[BlackElo "1864"]
[PlyCount "69"]
[EventDate "2010.01.31"]
[EventType "swiss"]
[EventRounds "5"]
[EventCountry "ENG"]
[Source "lmi"]
[SourceDate "2010.01.31"]

1. e4 c5 2. Nf3 a6 3. c3 d5 4. exd5 Qxd5 5. d4 Nf6 6. Be2 e6 7. O-O Be7 8. Be3
cxd4 9. cxd4 Nc6 10. Nc3 Qa5 11. a3 O-O 12. b4 Qd8 13. Qb3 Nd5 14. Rac1 Bd6 15.
g3 Nce7 16. Nxd5 Nxd5 17. Bc4 Bd7 18. Ne5 Bxe5 19. dxe5 Nxe3 20. Qxe3 Ba4 21.
Bd3 g6 22. Be4 Qd7 23. Qb6 Rfd8 24. Bxb7 Rab8 25. Rc7 Qb5 26. Qxb5 Bxb5 27. Ra1
Rd4 28. a4 Bc4 29. b5 axb5 30. a5 Bd5 31. a6 Bxb7 32. Rxb7 Ra8 33. a7 Kg7 34.
Rb8 Rd8 35. Rxd8 1-0

[Event "Gibtelecom Festival 2010 - Challenger 2"]
[Site "Gibraltar ENG"]
[Date "2010.02.04"]
[Round "5.10"]
[White "Fokin, Sergey"]
[Black "Bauer, Peter"]
[Result "1-0"]
[WhiteElo "2109"]
[BlackElo "1944"]
[PlyCount "83"]
[EventDate "2010.01.31"]
[EventType "swiss"]
[EventRounds "5"]
[EventCountry "ENG"]
[Source "lmi"]
[SourceDate "2010.01.31"]

1. d4 d5 2. c4 e6 3. Nf3 Nf6 4. g3 Bb4+ 5. Bd2 Bd6 6. Bg2 c6 7. Qc2 O-O 8. O-O
Nbd7 9. Bg5 h6 10. Bxf6 Qxf6 11. Nbd2 Qe7 12. e4 dxe4 13. Nxe4 e5 14. Rfe1 Bc7
15. Ned2 Qf6 16. Ne4 Qg6 17. Nh4 Qh7 18. d5 cxd5 19. cxd5 Bb6 20. a4 Nf6 21.
Nxf6+ gxf6 22. Be4 Qg7 23. Nf5 Bxf5 24. Bxf5 Rfd8 25. Qe4 Qg5 26. Rad1 Rd6 27.
Qf3 Kf8 28. Re4 Ke7 29. Rg4 Qh5 30. Kg2 Rad8 31. Rd2 a5 32. Qe4 Bc7 33. Rg7 Kf8
34. Bg4 f5 35. Bxh5 fxe4 36. Rxf7+ Kg8 37. Rxc7 b6 38. Re2 Kh8 39. Bf7 Kg7 40.
Be6+ Kf6 41. Rxe4 Rb8 42. Rg4 1-0

[Event "Gibtelecom Festival 2010 - Challenger 2"]
[Site "Gibraltar ENG"]
[Date "2010.02.04"]
[Round "5.11"]
[White "Tari, Aryan"]
[Black "Flermoen, Peter"]
[Result "1/2-1/2"]
[WhiteElo "1932"]
[BlackElo "2108"]
[PlyCount "69"]
[EventDate "2010.01.31"]
[EventType "swiss"]
[EventRounds "5"]
[EventCountry "ENG"]
[Source "lmi"]
[SourceDate "2010.01.31"]

1. e4 c5 2. Nf3 Nc6 3. d4 cxd4 4. Nxd4 g6 5. c4 Nf6 6. Nc3 d6 7. Be2 Nxd4 8.
Qxd4 Bg7 9. Be3 O-O 10. Qd2 Qa5 11. f3 Be6 12. O-O Rfc8 13. b3 a6 14. Rac1 Rab8
15. Ba7 Ra8 16. Be3 Nd7 17. Nd5 Qxd2 18. Bxd2 Bxd5 19. cxd5 Bb2 20. Rxc8+ Rxc8
21. Bd3 f6 22. Kf2 g5 23. Ke2 Ne5 24. g3 Bd4 25. Rc1 Rxc1 26. Bxc1 h5 27. Be3
Bxe3 28. Kxe3 Kg7 29. Be2 Kh6 30. h3 Ng6 31. f4 h4 32. f5 Ne5 33. g4 a5 34. Bb5
Kg7 35. Ke2 1/2-1/2

[Event "Gibtelecom Festival 2010 - Challenger 2"]
[Site "Gibraltar ENG"]
[Date "2010.02.04"]
[Round "5.12"]
[White "Lumsdon, Andrew"]
[Black "Byron, Alan M"]
[Result "0-1"]
[WhiteElo "2090"]
[BlackElo "2196"]
[PlyCount "92"]
[EventDate "2010.01.31"]
[EventType "swiss"]
[EventRounds "5"]
[EventCountry "ENG"]
[Source "lmi"]
[SourceDate "2010.01.31"]

1. d4 d5 2. Nf3 Nf6 3. e3 e6 4. a3 c6 5. c4 Nbd7 6. b4 Bd6 7. Bb2 O-O 8. Nbd2
Ne4 9. Bd3 f5 10. O-O Rf6 11. Ne5 g5 12. f3 Nxd2 13. Qxd2 Rh6 14. g3 Nf8 15.
Rad1 Bxe5 16. dxe5 Ng6 17. cxd5 cxd5 18. Rc1 a6 19. Rc5 Ne7 20. e4 dxe4 21.
fxe4 fxe4 22. Qxg5+ Rg6 23. Qf4 exd3 24. Qf7+ Kh8 25. Rc4 Bd7 26. Rh4 Rg7 27.
Qh5 Qg8 28. Qf3 Bc6 29. Qf6 Nd5 30. Qf2 Rd8 31. Bc1 Rdd7 32. Bh6 Rgf7 33. Qd2
Rxf1+ 34. Kxf1 Qf7+ 35. Bf4 Qf5 36. Kg1 Rf7 37. h3 Ne7 38. Qe3 Ng6 39. Rg4 d2
40. Qxd2 Rd7 41. Qe2 Qb1+ 42. Kf2 Qh1 43. h4 Qg2+ 44. Ke3 Qg1+ 45. Qf2 Qc1+ 46.
Ke2 Qd1+ 0-1

[Event "Gibtelecom Festival 2010 - Challenger 2"]
[Site "Gibraltar ENG"]
[Date "2010.02.04"]
[Round "5.13"]
[White "Gunnesdal, Lars"]
[Black "Odeh, Kenneth"]
[Result "1-0"]
[WhiteElo "2125"]
[BlackElo "2012"]
[PlyCount "95"]
[EventDate "2010.01.31"]
[EventType "swiss"]
[EventRounds "5"]
[EventCountry "ENG"]
[Source "lmi"]
[SourceDate "2010.01.31"]

1. e4 c6 2. d3 d5 3. Nd2 e5 4. g3 Nf6 5. Bg2 Bc5 6. Ngf3 dxe4 7. dxe4 Qc7 8. h3
h6 9. c3 Be6 10. O-O Nbd7 11. Re1 Nh5 12. Nf1 O-O-O 13. b4 Be7 14. a4 Nb6 15.
Qc2 g5 16. Be3 Nc4 17. N3d2 Nxe3 18. Nxe3 Qd7 19. Ndc4 Bxh3 20. Nxe5 Qe6 21.
Bxh3 Qxh3 22. Nxf7 Rhf8 23. Nxd8 Bxd8 24. Qe2 Nf4 25. Qg4+ Qxg4 26. Nxg4 h5 27.
gxf4 hxg4 28. f5 Bc7 29. Rad1 Be5 30. Rd3 Re8 31. Kg2 Kc7 32. Rh1 Re7 33. Rh6
Bf4 34. Re6 Rf7 35. f6 Kb6 36. e5 Rh7 37. Re7 Rh2+ 38. Kg1 g3 39. fxg3 Rh3 40.
Rdd7 Ka6 41. gxf4 c5 42. Rxb7 cxb4 43. cxb4 Rh8 44. Rbd7 Rb8 45. Rd6+ Rb6 46.
b5+ Ka5 47. Rxa7+ Ra6 48. Raxa6+ 1-0

[Event "Gibtelecom Festival 2010 - Challenger 2"]
[Site "Gibraltar ENG"]
[Date "2010.02.04"]
[Round "5.14"]
[White "Allor, Chukwuka"]
[Black "Marder, Simon"]
[Result "1-0"]
[WhiteElo "2100"]
[BlackElo "1993"]
[PlyCount "58"]
[EventDate "2010.01.31"]
[EventType "swiss"]
[EventRounds "5"]
[EventCountry "ENG"]
[Source "lmi"]
[SourceDate "2010.01.31"]

1. e4 d5 2. exd5 Qxd5 3. Nc3 Qa5 4. d4 c6 5. Nf3 Nf6 6. Ne5 Be6 7. Bc4 Bxc4 8.
Nxc4 Qd8 9. Be3 e6 10. a3 Be7 11. Qe2 Nbd7 12. O-O O-O 13. Rad1 Qc7 14. Bg5
Rfe8 15. Bh4 Nd5 16. Bg3 Nxc3 17. bxc3 Qd8 18. Nd6 Bxd6 19. Bxd6 Qa5 20. c4 c5
21. Qh5 Qc3 22. Rd3 Qxc2 23. Rg3 Nf8 24. Bxf8 Kxf8 25. Qg5 Qxc4 26. Qxg7+ Ke7
27. Rf3 Rf8 28. dxc5 Qxc5 29. Rd1 Rad8 1-0

[Event "Gibtelecom Festival 2010 - Challenger 2"]
[Site "Gibraltar ENG"]
[Date "2010.02.04"]
[Round "5.15"]
[White "Ungureanu, Sandu"]
[Black "Sommerhalder, Eric"]
[Result "0-1"]
[WhiteElo "2094"]
[BlackElo "1899"]
[PlyCount "160"]
[EventDate "2010.01.31"]
[EventType "swiss"]
[EventRounds "5"]
[EventCountry "ENG"]
[Source "lmi"]
[SourceDate "2010.01.31"]

1. e4 c5 2. Nf3 d6 3. d4 cxd4 4. Nxd4 Nf6 5. f3 e5 6. Nb3 Be7 7. c4 a5 8. Be3
a4 9. N3d2 Qa5 10. Na3 Be6 11. Be2 O-O 12. g4 Bd8 13. Nc2 Bb6 14. b4 Qa7 15.
Nf1 Nc6 16. Bxb6 Qxb6 17. Qxd6 Rfd8 18. Qc5 Qxc5 19. bxc5 Nd4 20. Nxd4 Rxd4 21.
Ne3 Nd7 22. Nc2 Rxc4 23. Bxc4 Bxc4 24. Ne3 Be6 25. Nd5 Nxc5 26. Nc7 Rc8 27.
Nxe6 Nxe6 28. Kd2 Nd4 29. Rhc1 Rd8 30. Ke3 b5 31. Rab1 h6 32. Rc7 Rb8 33. Rbc1
Rb6 34. Ra7 Rf6 35. Rf1 Rc6 36. Kd3 Rc2 37. f4 Rxa2 38. fxe5 Nc6 39. Ra8+ Kh7
40. Re8 b4 41. Rxf7 b3 42. Rb7 Rxh2 43. e6 Rh3+ 44. Kd2 Rh2+ 45. Ke3 b2 46. e7
Nxe7 47. Rexe7 Rh3+ 48. Kf4 Rb3 49. Rxg7+ Kh8 50. Rh7+ Kg8 51. Rbg7+ Kf8 52.
Ra7 Kg8 53. Rhd7 Rb8 54. Rd1 b1=Q 55. Rxb1 Rxb1 56. Rxa4 Rf1+ 57. Ke5 Kg7 58.
Ra2 Kg6 59. Rh2 Ra1 60. Kf4 Rf1+ 61. Kg3 Ra1 62. Rh5 Rg1+ 63. Kf4 Rf1+ 64. Ke5
Rg1 65. Rh4 Kg5 66. Rh2 Rxg4 67. Kd5 h5 68. e5 Ra4 69. e6 h4 70. e7 Ra8 71. Ke5
Re8 72. Rg2+ Kh5 73. Rg7 h3 74. Kf5 Kh6 75. Kf6 h2 76. Rg6+ Kh7 77. Rg7+ Kh8
78. Rf7 h1=Q 79. Rf8+ Kh7 80. Rxe8 Qc6+ 0-1

[Event "Gibtelecom Festival 2010 - Challenger 2"]
[Site "Gibraltar ENG"]
[Date "2010.02.04"]
[Round "5.16"]
[White "Lake, Andrew N"]
[Black "Jayakumar, Adarsh"]
[Result "0-1"]
[WhiteElo "1840"]
[BlackElo "2090"]
[PlyCount "80"]
[EventDate "2010.01.31"]
[EventType "swiss"]
[EventRounds "5"]
[EventCountry "ENG"]
[Source "lmi"]
[SourceDate "2010.01.31"]

1. b4 d5 2. Nf3 Nf6 3. Bb2 Bf5 4. e3 Nbd7 5. d3 c6 6. Nbd2 Qc7 7. Nd4 Bg6 8.
N4b3 e5 9. a3 Bd6 10. c4 O-O 11. c5 Be7 12. Be2 b6 13. Rc1 bxc5 14. Nxc5 Nxc5
15. bxc5 Rab8 16. Ba1 Nd7 17. d4 e4 18. Qa4 f5 19. Bc3 f4 20. Ba5 Qc8 21. exf4
Rxf4 22. Nb3 Nf8 23. Bd2 Rf6 24. Be3 Qd7 25. Nd2 Ne6 26. g3 Rff8 27. Rb1 Rxb1+
28. Nxb1 Bxc5 29. dxc5 d4 30. Qd1 Qd5 31. Bg4 Bf5 32. Bxf5 Qxf5 33. Bxd4 Rd8
34. Qb3 Rxd4 35. O-O Kf8 36. Qb8+ Rd8 37. Qxa7 Nd4 38. Nc3 Qh3 39. f4 Nf3+ 40.
Kf2 Qxh2+ 0-1

[Event "Gibtelecom Festival 2010 - Challenger 2"]
[Site "Gibraltar ENG"]
[Date "2010.02.04"]
[Round "5.17"]
[White "Mascarenhas, Alberto Pinhe"]
[Black "Pettersen, Joar Gullestad"]
[Result "0-1"]
[WhiteElo "2238"]
[BlackElo "2020"]
[PlyCount "56"]
[EventDate "2010.01.31"]
[EventType "swiss"]
[EventRounds "5"]
[EventCountry "ENG"]
[Source "lmi"]
[SourceDate "2010.01.31"]

1. c4 Nf6 2. Nc3 e6 3. e4 d5 4. e5 Ne4 5. Nf3 c5 6. cxd5 Nxc3 7. dxc3 exd5 8.
Bb5+ Nc6 9. Bg5 Be7 10. Bxe7 Kxe7 11. O-O Be6 12. Qc2 h6 13. Nh4 Nxe5 14. f4
Kf8 15. Qf2 Ng4 16. Qxc5+ Kg8 17. g3 a6 18. Bd3 Nf6 19. Rae1 Rc8 20. Qd4 Bd7
21. Re3 Qa5 22. Bf5 Rc4 23. Qe5 Qb6 24. Rf2 Bxf5 25. Nxf5 Kh7 26. Nd6 Rc6 27.
Qf5+ Kg8 28. Nc8 Qxe3 0-1

[Event "Gibtelecom Festival 2010 - Challenger 2"]
[Site "Gibraltar ENG"]
[Date "2010.02.04"]
[Round "5.18"]
[White "Mlynek, Petr"]
[Black "Moreno Cervera, Jose Luis"]
[Result "1-0"]
[WhiteElo "2218"]
[BlackElo "1929"]
[PlyCount "59"]
[EventDate "2010.01.31"]
[EventType "swiss"]
[EventRounds "5"]
[EventCountry "ENG"]
[Source "lmi"]
[SourceDate "2010.01.31"]

1. d4 d5 2. c4 c6 3. Nf3 Nf6 4. Nc3 a6 5. Qb3 b5 6. cxd5 cxd5 7. a4 Qa5 8. Bd2
b4 9. Na2 e6 10. Bxb4 Bxb4+ 11. Qxb4 Qxb4+ 12. Nxb4 a5 13. Nd3 Nc6 14. e3 Rb8
15. Rc1 Bd7 16. Nc5 Na7 17. b3 Ke7 18. Bd3 Rhd8 19. Ne5 Be8 20. Ke2 Nd7 21.
Ncxd7 Bxd7 22. Rc7 f6 23. Rxa7 fxe5 24. dxe5 Rxb3 25. Rc1 Rb2+ 26. Kf1 Rf8 27.
Bb5 Rfxf2+ 28. Ke1 Kf7 29. Rxd7+ Kg6 30. Rcc7 1-0

[Event "Gibtelecom Festival 2010 - Challenger 2"]
[Site "Gibraltar ENG"]
[Date "2010.02.04"]
[Round "5.19"]
[White "Kandic, Milan"]
[Black "Plater, Ronald"]
[Result "1-0"]
[WhiteElo "2216"]
[BlackElo "1904"]
[PlyCount "85"]
[EventDate "2010.01.31"]
[EventType "swiss"]
[EventRounds "5"]
[EventCountry "ENG"]
[Source "lmi"]
[SourceDate "2010.01.31"]

1. e4 e6 2. d3 b6 3. Nf3 Bb7 4. g3 d6 5. Bg2 Nf6 6. O-O Be7 7. Bg5 h6 8. Be3
Nbd7 9. a4 O-O 10. Nh4 d5 11. Nd2 dxe4 12. dxe4 Ne5 13. h3 Nfd7 14. Qh5 Bxh4
15. gxh4 Qf6 16. f4 Qg6 17. Qe2 Nc6 18. h5 Qf6 19. Kh2 e5 20. f5 Rad8 21. c3 a5
22. Rf3 Kh8 23. Rg3 Ncb8 24. Rg1 Rg8 25. Bf3 Nf8 26. Qg2 Ba6 27. Be2 Bxe2 28.
Qxe2 Nc6 29. Nf3 Ne7 30. Qb5 c5 31. Qc4 Kh7 32. Bg5 Qd6 33. Qxf7 hxg5 34. Nxg5+
Kh6 35. Qc4 Qd2+ 36. R1g2 Qf4 37. Nf7+ Kh7 38. Nxd8 Nxf5 39. Qd3 Nxg3 40. Rxg3
Nd7 41. Ne6 Qf2+ 42. Rg2 Qf4+ 43. Nxf4 1-0

[Event "Gibtelecom Festival 2010 - Challenger 2"]
[Site "Gibraltar ENG"]
[Date "2010.02.04"]
[Round "5.20"]
[White "McBeth, Michael J"]
[Black "Tjolsen, Katrine"]
[Result "0-1"]
[WhiteElo "2011"]
[BlackElo "2212"]
[PlyCount "72"]
[EventDate "2010.01.31"]
[EventType "swiss"]
[EventRounds "5"]
[EventCountry "ENG"]
[Source "lmi"]
[SourceDate "2010.01.31"]

1. e4 c5 2. Nf3 Nc6 3. d4 cxd4 4. Nxd4 Nf6 5. Nc3 e5 6. Ndb5 d6 7. Bg5 a6 8.
Na3 b5 9. Nd5 Be7 10. Bxf6 Bxf6 11. c3 Bg5 12. Nc2 O-O 13. a4 bxa4 14. Rxa4 a5
15. Bc4 Rb8 16. b3 Kh8 17. Nce3 g6 18. O-O f5 19. exf5 gxf5 20. f4 exf4 21. Nc2
f3 22. Rxf3 Ne5 23. Qd4 Rb7 24. Rf1 Rg7 25. Nf4 Bxf4 26. Rxf4 Qg5 27. Ne1 Bd7
28. Ra1 Bc6 29. Bf1 Rf6 30. Rd1 Be4 31. Rxe4 fxe4 32. Qxe4 Qh5 33. Be2 Qe8 34.
Nd3 Re7 35. Qh4 Qf8 36. Nf2 Ng6 0-1

[Event "Gibtelecom Festival 2010 - Challenger 2"]
[Site "Gibraltar ENG"]
[Date "2010.02.04"]
[Round "5.21"]
[White "Horrocks, Stephen J"]
[Black "Vea, Odin Blikra"]
[Result "0-1"]
[WhiteElo "1992"]
[BlackElo "2189"]
[PlyCount "40"]
[EventDate "2010.01.31"]
[EventType "swiss"]
[EventRounds "5"]
[EventCountry "ENG"]
[Source "lmi"]
[SourceDate "2010.01.31"]

1. d4 e6 2. Nf3 c5 3. c3 Nc6 4. Bg5 Qb6 5. Qb3 Qxb3 6. axb3 cxd4 7. Nxd4 Nxd4
8. cxd4 d5 9. Nc3 Bd7 10. e3 Bb4 11. Bd3 Ne7 12. Bf4 O-O 13. Ke2 Nc6 14. Bb5 a6
15. Bxc6 Bxc6 16. Na4 Bb5+ 17. Kf3 Rac8 18. Rhc1 f6 19. Kg3 g5 20. Bc7 Rxc7 0-1

[Event "Gibtelecom Festival 2010 - Challenger 2"]
[Site "Gibraltar ENG"]
[Date "2010.02.04"]
[Round "5.22"]
[White "Loerke, Reinhard"]
[Black "Molina, Antonio"]
[Result "1/2-1/2"]
[WhiteElo "1981"]
[BlackElo "2148"]
[PlyCount "74"]
[EventDate "2010.01.31"]
[EventType "swiss"]
[EventRounds "5"]
[EventCountry "ENG"]
[Source "lmi"]
[SourceDate "2010.01.31"]

1. e4 c5 2. Nc3 d6 3. f4 Nc6 4. Nf3 g6 5. Bc4 Bg7 6. d3 e6 7. f5 gxf5 8. O-O
Nge7 9. Qe1 Nd4 10. Nxd4 Bxd4+ 11. Kh1 Be5 12. Bg5 f4 13. Qh4 Rg8 14. Rf3 a6
15. a4 Qc7 16. Raf1 Ng6 17. Qg4 Bxc3 18. bxc3 Ne5 19. Qxf4 Nxf3 20. Rxf3 Ra7
21. Bf6 b5 22. axb5 axb5 23. Bxb5+ Bd7 24. Bxd7+ Qxd7 25. h4 Rb7 26. Qh6 e5 27.
Rf5 Qb5 28. Qxh7 Qb1+ 29. Kh2 Rg4 30. Bg5 f6 31. Qh8+ Kd7 32. Qxf6 Qxc2 33.
Qf7+ Kc6 34. Qd5+ Kb6 35. Bd2 Rxg2+ 36. Kxg2 Qxd2+ 37. Kf1 Qd1+ 1/2-1/2

[Event "Gibtelecom Festival 2010 - Challenger 2"]
[Site "Gibraltar ENG"]
[Date "2010.02.04"]
[Round "5.23"]
[White "Zanetti, Bruno"]
[Black "Thingstad, Even"]
[Result "0-1"]
[WhiteElo "1978"]
[BlackElo "2141"]
[PlyCount "50"]
[EventDate "2010.01.31"]
[EventType "swiss"]
[EventRounds "5"]
[EventCountry "ENG"]
[Source "lmi"]
[SourceDate "2010.01.31"]

1. d4 Nf6 2. c4 e6 3. Nf3 b6 4. g3 Ba6 5. Qc2 Bb4+ 6. Bd2 Be7 7. Bg2 d5 8. cxd5
exd5 9. Nc3 O-O 10. O-O c6 11. Rfe1 Re8 12. Ne5 Bb7 13. Rad1 Nbd7 14. e4 Nf8
15. exd5 cxd5 16. Qa4 Ne6 17. Bh3 Bf8 18. f4 Nxd4 19. Be3 Ne6 20. b4 a5 21. b5
Bb4 22. Bxe6 Rxe6 23. Bd4 Rc8 24. Re3 Bc5 25. Nxf7 Kxf7 0-1